LEADER 00903nam0-2200277---450- 001 990009773500403321 005 20131014092742.0 035 $a000977350 035 $aFED01000977350 035 $a(Aleph)000977350FED01 035 $a000977350 100 $a20131014d1984----km-y0itay50------ba 101 0 $aita 102 $aIT 105 $a--------001yy 200 1 $aDizionario bibliografico delle riviste giuridiche italiane con i sommari analitici 1983$ein appendice: i volumi giuridici dell'anno$fVincenzo Napoletano 210 $aMilano$cGiuffré$d1984 215 $aXVI, 922 p.$d24 cm 700 1$aNapoletano,$bVincenzo$032143 801 0$aIT$bUNINA$gRICA$2UNIMARC 901 $aBK 912 $a990009773500403321 952 $aDT X-4/23$b1187$fDEC 959 $aDEC 996 $aDizionario bibliografico delle riviste giuridiche italiane con i sommari analitici 1983$9832356 997 $aUNINA